Management Information Systems
Saved in:
| Main Author: | |
|---|---|
| Format: | Book |
| Language: | English |
| Published: |
London
DP Publ. LTD
1991
|
| Edition: | 6. ed. |
| Series: | <The> Complete Course Text
|
| Subjects: | |
| Tags: |
No Tags, Be the first to tag this record!
|
MARC
| LEADER | 00000nam a2200000 4500 | ||
|---|---|---|---|
| 001 | c005804 | ||
| 005 | 20221206114739.6 | ||
| 020 | |a 1-870941-80-2 | ||
| 041 | 0 | |a eng | |
| 044 | |a GB | ||
| 245 | 1 | 0 | |a Management Information Systems |c T. Lucey |
| 250 | |a 6. ed. | ||
| 264 | 1 | |a London |b DP Publ. LTD |c 1991 | |
| 300 | |a 326 s. | ||
| 490 | 1 | |a <The> Complete Course Text | |
| 830 | 0 | |a <The> Complete Course Text | |
| 610 | 2 | 0 | |a systémy informačné manažérske |
| 610 | 2 | 0 | |a systémy informačné |
| 610 | 2 | 0 | |a manažment |
| 610 | 2 | 0 | |a informácie |
| 610 | 2 | 0 | |a dáta |
| 610 | 2 | 0 | |a komunikácia |
| 610 | 2 | 0 | |a systém |
| 610 | 2 | 0 | |a organizácie |
| 610 | 2 | 0 | |a riadenie vedecké |
| 610 | 2 | 0 | |a štruktúra organizačná |
| 610 | 2 | 0 | |a vedenie |
| 610 | 2 | 0 | |a plánovanie |
| 610 | 2 | 0 | |a rozhodovanie |
| 610 | 2 | 0 | |a kontrola |
| 610 | 2 | 0 | |a technológie informačné |
| 610 | 2 | 0 | |a využitie počítačov |
| 100 | 1 | |a Lucey, T. | |